LOTR: Who Held the Ring? Quiz Stats

 Plays Quiz Updated Jul 30, 2019

Score 0/9 Timer 03:00
14 Plays Today
Character % Correct
Frodo Baggins
99.2%
Bilbo Baggins
94.3%
Sméagol/Gollum
91.9%
Samwise Gamgee
91.1%
Sauron
81.5%
Gandalf the Grey
74.7%
Isildur
57.9%
Déagol
43.6%
Tom Bombadil
20.5%

You're not logged in!

Compare scores with friends on all Sporcle quizzes.
OR
Log In

Sporcle TV

Today on Sporcle TV


Watch our educational content, quiz creation guides, and fun videos on Sporcle TV.

Show Comments

Extras

Top Quizzes Today


Score Distribution

Your Account Isn't Verified!

In order to create a playlist on Sporcle, you need to verify the email address you used during registration. Go to your Sporcle Settings to finish the process.

Report this User

Report this user for behavior that violates our Community Guidelines.

Details: